Orateurs attiques
Uloženo v:
| Hlavní autor: | |
|---|---|
| Médium: | Kniha |
| Jazyk: | francouzština řečtina |
| Vydáno: |
Lieja
H. Dessain
1967
|
| Vydání: | 3a. ed |
| Edice: | Collection de Préparations d'Auteurs Grecs
|
| Témata: | |
| Tagy: |
Přidat tag
Žádné tagy, Buďte první, kdo vytvoří štítek k tomuto záznamu!
|
MARC
| LEADER | 00000nam a2200000 a 4500 | ||
|---|---|---|---|
| 001 | UCK4175 | ||
| 003 | CL-VaPUC | ||
| 008 | 050520e19670000be |||||||||||||||||fre|d | ||
| 041 | 0 | 7 | |a fre |2 CL-VaPUC |
| 041 | 0 | 7 | |a gre |2 CL-VaPUC |
| 082 | 0 | 4 | |a 809.5 |b OOT |2 21 |
| 100 | 0 | |a Ooteghem, Jules van |e author |9 492638 | |
| 245 | 1 | 0 | |a Orateurs attiques |
| 250 | |a 3a. ed | ||
| 300 | |a v | ||
| 942 | |c BK | ||
| 945 | |d 20050520 00:00:00 |a jcarroza | ||
| 260 | |a Lieja |b H. Dessain |c 1967 | ||
| 500 | |a v.2: Préparation | ||
| 650 | 0 | |a Oradores |9 439350 | |
| 650 | 7 | |a LITERATURA GRIEGA |2 CL-VaPUC |9 258054 | |
| 651 | 7 | |a ATICA |2 CL-VaPUC |9 432710 | |
| 583 | |a last modification |c 20171017 12:19:01 |k Rodrigo Vera | ||
| 490 | 0 | |a Collection de Préparations d'Auteurs Grecs | |
| 999 | |c 313127 |d 313125 | ||
| 952 | |0 0 |1 0 |4 0 |6 809_500000000000000_OOT_1967 |7 0 |8 A |9 384221 |a BIBARQ |b BIBARQ |d 2019-11-22 |h v.2 |i 4038835 |o 809.5 OOT 1967 |p 4038835 |r 2025-01-20 |w 2019-11-22 |y BK |k ARQ | ||